000 00343nam a2200157Ia 4500
003 Ost
005 20260225132551.0
008 260225s9999||||xx |||||||||||||| ||und||
040 _cfsic
041 _afre
082 _a791.43
100 _aGeorge annenkov
_eAuteur
245 0 _aMax ophuls /
245 0 _cGeorge annenkov
942 _cكتاب
999 _c34149
_d34149